00700nam a22001817a 4500003000900000008003800009040007100047082001900118100002600137245002600163260004200189300002800231505016700259650002300426650001900449650001300468700003700481AR-CdUCM190507b ||||| |||| 00| 0 d aMUNICIPALIDAD PROVINCIAL DEL CUSCOcBIBLIOTECA MUNICIPAL DEL CUSCO a338.092 /bS47 aShippen, Katherine B. aMilagro en acción / aBuenos Aires :bPlaza & Janes,c1964. a143 páginas ;c17 cm. aContenido: Estudio comprensivo de las historias casi milagrosas de las grandes industrias y fortunas mundiales, como son las de Rockefeller, Ford, Samuel Gompers. aHombres de negocio aEstados unidos aUtopía aGerlach, Graciela (traducción)